000 00860nam a2200301Ia 4500
001 7431
003 IT-RoPAU
008 130308s9999 xx 000 0 und d
040 _aIT-RoPAU
040 _cIT-RoPAU
041 _aFRANCESE
100 _aDolle Jean-Marie
100 _gCodice Aut. SPICS: 10391
245 _aApproche epistemologique des structurations de l'identite
245 _bIdentite' Individuelle et Personnalisation
250 _a1a ed.
260 _aTOULOUSE
260 _bPrivat
260 _c1980 [1° Ed.:1980 - Ed.Ling.Originale:1979]
300 _a"2 p. (prefazione: no ; testo: 2 [pagine: 165-166])"
500 _aApproccio Epistemologico delle Strutturazioni dell'Identita'
650 _aSAGGI DI PSICOLOGIA
650 _eCodice materia Spics: 3607
942 _cBK
957 _71
999 _c42302
_d42302
999 _bSI
999 _g1